000 00400nam a2200145Ia 4500
008 100204s9999 xx 000 0 und d
082 _b3355
100 _aलागू चिंतामणी
245 _aसबूद
260 _b"दिलिप प्रकाशन , मुंबई"
_c1981
300 _a311
630 _aसबूद
730 _aसबूद
942 _cBOOK
999 _c448309
_d448306